| 000 | 00665nam a2200205Ia 4500 | ||
|---|---|---|---|
| 003 | GCL | ||
| 008 | 140319s9999 xx 000 0 ara d | ||
| 040 |
_aGCL / _cGCL |
||
| 082 | 0 | 4 |
_a025.7 _bم د |
| 100 | 1 | _aمحمد ابراهيم السيد | |
| 245 | 1 | 0 |
_aدراسات فى مصادر ومراجع المكتبة العربية / _cمحمد ابراهيم السيد |
| 260 |
_a[S.N] : _bدار الثقافة للنشر والتوزيع ، _c1993 |
||
| 300 | _a147 ص | ||
| 490 | _a | ||
| 650 | 0 | 4 | _aالمراجع |
| 650 | 0 | 4 | _aالمراجع العربية |
| 650 | 0 | 4 | _aالمكتبات العربية |
| 650 | 0 | 4 | _aالمصادر |
| 942 |
_2ddc _cBK |
||
| 999 |
_c59140 _d59140 |
||